MDQL
is popping MORE tags! Check the
thread
!
Quizzes
Events
Quiz Creation
Community
Videos
Private Events
Remove Ads
Sign In
Join for FREE
Feedback
Dark Mode
Quiz Categories
Sports
Geography
Music
Movies
Television
Just For Fun
Miscellaneous
History
Literature
Language
Science
Gaming
Entertainment
Religion
Holiday
For Kids
Quiz Lab
Recent
Popular Today
Quiz Kudos Today
Editor Picks
Curator Picks
Quizzes by...
Day
Popularity
Type
Ratings
Length
Year
Community
Subscriptions
Recent Discussions
Orange Saloon
Badges
Playlists
Quests
Create
Leaderboards
Showdown
Live 5
Trivia Bingo
Activity
Puzzle Library
Sporcle Events
Private Events
Virtual Trivia
Globe League
Become a Host
Pub Owners
SporcleCon
Opinionation
Our Games
Videos
Blog
Mobile Apps
Partnerships
Remove Ads and Go Orange
Feedback
Language
Vocabulary
Begins and Ends
Definition
Spanish
French
German
Italian
Chinese
Latin
Translation
Japanese
Language
Vocabulary
Begins and Ends
Definition
Spanish
French
German
Italian
Chinese
Latin
Translation
Japanese
Random Quiz
Search Sporcle
×
Quiz Lab
Quiz Lab
Language
conjugation
Type in answers that appear in a list
Type in answers that appear in a list
Classic
Best Score? Go Orange.
First conjugation passive imperfecttense Stats
Can you name the first conjugation passive imperfecttense?
By
rrosenthal
10m
10 Questions
12 Plays
12 Plays
12 Plays
Comments
Comments
Give Quiz Kudos
Give Quiz Kudos
-
- Ratings
hide this ad
Forced Order
Answers have to be entered in order
Answers have to be entered in order
Random Order
Randomize order of answers
Randomize order of answers
Replay
Link that replays current quiz
Next Quiz
Link to next quiz in quiz playlist
You Got
0%
They Got
Avg Score
81%
Avg Friend Score
Upgrade to see
Score Distribution
Jump to the score distribution portion of the page
Score
0/10
Timer
10:00
0
Plays Today
Hint
Answer
% Correct
They are carried
portantur
91.7%
I am wounded
vulnerabar
91.7%
We are loved
amamur
91.7%
You (s) were being attacked
oppugnabaris
83.3%
They were being called
vocabantur
83.3%
It is sailed
navigatur
83.3%
She was being looked at
spectabatur
75%
We were being freed
liberabamur
75%
You (pl) were being told
narrabamini
75%
I was being praised
laudabar
66.7%
Quiz Playlist
Details
Report
Send in Message
Add To Playlist
Classic:
Type in answers that appear in a list
Forced Order:
Answers have to be entered in order
Random Order:
Randomize order of answers
Last Updated: Mar 16, 2021
Quiz Scoreboard
CHALLENGE
Sign Up to Join the Scoreboard
Show All
Scores
Hide
Comments
May contain spoilers
Recently Published
Image Sorting: Flags VI
by Barbecue
Geography
2m
Find the 'City' Movie
by crazypaving
Movies
60s
Colored Red Africa Blitz
by spor1
Geography
45s
More to Explore
Quiz From the Vault
Featured Blog Post
14 Easter Pick-up Lines to Find Eggs With
hide this ad
You Might Also Like...
Tags
conjugation
Today's Top Quizzes in Language
Browse Language
hide this ad
Today's Top Quizzes in conjugation
Browse conjugation
Top Contributed Quizzes in Language
1
What Word Starts All?
2
1-10 Letter F Words III
3
Arabic Numerals
4
1-10 Letter G Words III
5
Harry Potter book 6 chapters: English & Greek
6
1-10 Letter H Words III
7
Weisst du, aus welchen Sprachen diese Wörter stammen?
8
1-10 Letter I Words III
9
Celtic Nations in their Language
10
Russian Alphabet (Picture Click)
Explore More
Trending Topics
Harry Potter
Disney
Kpop
Anime
NBA
Crossword
Marvel
Country
NFL
The Office
Puzzle
Soccer
Pokémon
WWE
Song
hide this ad
More By:
rrosenthal
Quiz
Plays
Rating
Category
Featured
Created
Conjugate sum in the present tense
1,351
5.00
Language
Sep 16, 2017
Conjugate LMN paro in present active
1,180
4.25
Language
May 21, 2020
Decline ego
551
4.50
Language
May 4, 2017
Decline qui, quae, quod
517
5.00
Language
May 3, 2017
Decline Amicus without vocative
484
5.00
Language
Jul 15, 2021
Go to Creator's Profile
Score Distribution
Quiz Creator Spotlight
rrosenthal
Follow
Send a Message
Quizzes Created
-
Created Quiz Play Count
-
More By This Creator
Popular Quizzes Today
1
Colored Red Africa Blitz
2
Find the US States - No Outlines Minefield
3
Find the 'City' Movie
4
5x2 Blitz: Bands
5
The Countries of the World
6
Find the US States
7
Find the Countries of Europe - No Outlines Minefield
8
US States
More Language Quizzes
Anagram Word Building LIV
Quiz Lab
Trending Quizzes
Colored Red Europe Blitz I
Colored Red Africa Blitz II
Colored Red Europe Blitz II
Colored Red Africa Blitz III
Colored Red Europe Blitz III
Recently Updated
How Do You Spell That?
pecheneg
Godzilla Movies
pecheneg
Grab Bag: 4-10 Letters
pecheneg
2024 March Madness Bracket
pecheneg
Famous TV Couples
Peacemaker
Champions League XIs: Real Madrid
pecheneg
Largest US Cities 1790-2010
pecheneg
Rides in Walt Disney World
pecheneg
Most Oscar Losses (Acting)
pecheneg
Beyoncé Albums
pecheneg
Trending Topics
Crossword
Anime
Marvel
Kpop
Harry Potter
Disney
NBA
Song
Pokémon
WWE
Country
Soccer
The Office
Puzzle
NFL
Your Account Isn't Verified!
In order to create a playlist on Sporcle, you need to verify the email address you used during registration. Go to your
Sporcle Settings
to finish the process.
Report this User
Report this user for behavior that violates our
Community Guidelines
.
Details:
Send Report
Go to the Sporcle.com Mobile Site →
Comments